000 01021nam a2200265 i 4500
001 000013732
003 DO-SdBNP
005 20260213083023.0
007 ta
008 260213s2003 dr 000 0 spa d
040 _aDO-SdBNP
_bspa
_cBNPHU
_erda
041 _aspa
082 _a370.97293
_bR426d
_222
110 _aRepública Dominicana.
_bSecretaría de Estado de Educación
_9607
245 1 0 _aDiscurso pronunciado por la Dra. Milagros Ortiz Bosch, Vicepresidenta de la República, en la presentación del informe de rendición de cuentas de la Secretaría de Estado de Educación, del 16 de agosto 2000 al 30 de junio 2003
264 1 _aSanto Domingo :
_bSecretaría de Estado de Educación,
_c2003
300 _a40 páginas
_c21 cm.
336 _2rdacontent
_atexto
_btxt
337 _2rdamedia
_asin mediación
_bn
338 _2rdacarrier
_avolumen
_bnc
590 _aInventariado,2026/DG
650 4 _aEducación
_9801
_xRepública Dominicana Ensayos, conferencias, etc
910 _aDG
942 _2ddc
_cLF2
999 _c60311
_d60311